La democracia en Grecia / (Record no. 104019)

MARC details
000 -LEADER
campo de control de longitud fija 00811nam a2200265 i 4500
001 - NÚMERO DE CONTROL
campo de control 104019
003 - IDENTIFICADOR DE NÚMERO DE CONTROL
campo de control ES-MaACL
005 - FECHA Y HORA DE LA ÚLTIMA TRANSACCIÓN
campo de control 20230906183507.0
007 - CAMPO FIJO DE DESCRIPCIÓN FÍSICA--INFORMACIÓN GENERAL
campo de control de longitud fija t|
008 - DATOS DE LONGITUD FIJA--INFORMACIÓN GENERAL
campo de control de longitud fija 051122s1967 sp ||||1| spa d
080 ## - NÚMERO DE LA CLASIFICACIÓN DECIMAL UNIVERSAL
Número de la Clasificación Decimal Universal 32(495)"1950/..."
100 1# - ENTRADA PRINCIPAL--NOMBRE DE PERSONA
Nombre de persona Meynaud, Jean.
9 (RLIN) 80816
245 13 - MENCIÓN DEL TÍTULO
Título La democracia en Grecia /
Mención de responsabilidad, etc. Jean Meynaud ; [traducción de Julián Marcos y Jaime Maestro].
250 ## - MENCION DE EDICION
Mención de edición 1ª ed.
260 ## - PUBLICACIÓN, DISTRIBUCIÓN, ETC.
Lugar de publicación, distribución, etc. Madrid :
Nombre del editor, distribuidor, etc. Cid,
Fecha de publicación, distribución, etc. 1967.
300 ## - DESCRIPCIÓN FÍSICA
Extensión 680 p., 21 p. ;
Dimensiones 20 cm.
490 1# - MENCIÓN DE SERIE
Mención de serie Colección "Vortice" ;
Designación de volumen o secuencia 39
650 #4 - PUNTO DE ACCESO ADICIONAL DE MATERIA--TÉRMINO DE MATERIA
Término de materia o nombre geográfico como elemento de entrada Democracia-
Subdivisión geográfica Grecia.
9 (RLIN) 11569
651 #4 - PUNTO DE ACCESO ADICIONAL DE MATERIA--NOMBRE GEOGRÁFICO
Nombre geográfico Grecia-
Subdivisión general Historia-
Subdivisión cronológica S.XX.
9 (RLIN) 8784
700 1# - ENTRADA AGREGADA--NOMBRE PERSONAL
Nombre de persona Marcos, Julián.
9 (RLIN) 76510
700 1# - ENTRADA AGREGADA--NOMBRE PERSONAL
Nombre de persona Maestro, Jaime.
9 (RLIN) 75406
830 1# - PUNTO DE ACCESO ADICIONAL DE SERIE-TÍTULO UNIFORME
Título uniforme Colección "Vortice" ;
Designación de volumen o secuencia 39
9 (RLIN) 183888
852 ## - LOCALIZACIÓN
Ubicación ES-MaACL
Número de control de estantería C-33302
Holdings
Estatus retirado Estado de pérdida Estado de daño No para préstamo Biblioteca de origen Biblioteca actual Ubicación en estantería Fecha de adquisición Fuente de adquisición Total de préstamos Signatura topográfica completa Código de barras Visto por última vez Precio de reemplazo Tipo de ítem Koha
        Biblioteca del Ateneo de Madrid Biblioteca del Ateneo de Madrid Depósito 2 17/01/2008     C-33302 1108605 23/02/2023 23/02/2023 Libro impreso